000 01921nam a2200265 a 4500
001 79944
003 BD-RjUL
005 20220608114526.0
008 220608s2005 bg a|||| m||| 00| 0 ben d
035 _a(BD-RjUL)79944
040 _aBD-RjUL
_bben / eng
_cBD-RjUL
_dBD-RjUL
041 _aben
082 _a954.92
_bHAB 2005
_223
100 _aহাদিউজজামান, সৈয়দ
_93515
245 0 1 _aবাংলাদেশের ইতিহাস চর্চার ধারা :
_bপ্রসঙ্গ মুহম্মদ আবদুর রহিম /
_cসৈয়দ হাদিউজজামান :
_6কো-সুপারভাইজার : মোহাম্মদ মুহিবউল্যাহ ছিদ্দিকী, প্রিন্সিপ্যাল-সুপারভাইজার : মু. মোখলেছুর রহমান
260 _aরাজশাহী :
_bইসলামের ইতিহাস ও সংস্কৃতি বিভাগ, রাজশাহী বিশ্ববিদ্যালয়,
_c২০০৫
300 _aix, ১৩১ পাতা :
_bচিএ ;
_c২৯ সেমি.
502 _aথিসিস (এম. ফিল.) -- ইসলামের ইতিহাস ও সংস্কৃতি বিভাগ, রাজশাহী বিশ্ববিদ্যালয়, ২০০৫
504 _aগ্রন্থপঞ্জি : পাতা [১০৪]-১২৯
650 _aইতিহাস চর্চা
_zবাংলাদেশ
_93516
650 _aPractice History
_vBangladesh
_93517
700 _aছিদ্দিকী, মোহাম্মদ মুহিবউল্যা, কো-সুপারভাইজার
_93518
700 _aরহমান, মু. মোখলেছুর, প্রিন্সিপ্যাল-সুপারভাইজার
_93519
942 _2ddc
_cTHE
999 _c79944
_d79944